Az informatika tantárgy eredményességét befolyásoló tanulási módszerek

Elmentve itt :
Bibliográfiai részletek
Szerző: Dancsó Tünde
Testületi szerző: Pedagógiai Értékelési Konferencia (5.) (2007) (Szeged)
Dokumentumtípus: Könyv része
Megjelent: 2007
Sorozat:Pedagógiai Értékelési Konferencia 5
Kulcsszavak:Informatika - tanulási módszer - előadáskivonat
Online Access:http://acta.bibl.u-szeged.hu/60395
LEADER 00716naa a2200181 i 4500
001 acta60395
005 20260224081030.0
008 190802s2007 hu o 100 hun d
040 |a SZTE Egyetemi Kiadványok Repozitórium  |b hun 
041 |a hun 
100 1 |a Dancsó Tünde 
245 1 3 |a Az informatika tantárgy eredményességét befolyásoló tanulási módszerek  |h [elektronikus dokumentum] /  |c  Dancsó Tünde 
260 |c 2007 
300 |a 101 
490 0 |a Pedagógiai Értékelési Konferencia  |v 5 
695 |a Informatika - tanulási módszer - előadáskivonat 
710 |a Pedagógiai Értékelési Konferencia (5.) (2007) (Szeged) 
856 4 0 |u http://acta.bibl.u-szeged.hu/60395/1/pek_2007_101.pdf  |z Dokumentum-elérés